Biological psychology (Record no. 349381)

000 -LEADER
fixed length control field 00452nam a22001457a 4500
020 ## - INTERNATIONAL STANDARD BOOK NUMBER
International Standard Book Number 9781111839529
082 ## - DEWEY DECIMAL CLASSIFICATION NUMBER
Classification number 612.8
100 ## - MAIN ENTRY--PERSONAL NAME
Personal name Kalat, James W
245 ## - TITLE STATEMENT
Title Biological psychology
250 ## - EDITION STATEMENT
Edition statement 11th
260 ## - PUBLICATION, DISTRIBUTION, ETC.
Place of publication, distribution, etc. Australia
Name of publisher, distributor, etc. Cengage learning
Date of publication, distribution, etc. 2013.
300 ## - PHYSICAL DESCRIPTION
Extent 584
942 ## - ADDED ENTRY ELEMENTS (KOHA)
Koha item type Book
Holdings
Withdrawn status Lost status Source of classification or shelving scheme Damaged status Not for loan Collection code Permanent Location Current Location Shelving location Date acquired Total Checkouts Full call number Barcode Date last seen Date last checked out Price effective from Koha item type
            Central Library (CL) Central Library (CL) General Stacks 10/28/2013 1 612.8 KAL 2013 NBSPS-71 03/12/2015 03/04/2015 10/28/2013 Book
            Central Library (CL) Central Library (CL) General Stacks 10/28/2013   612.8 KAL 2013 NBSPS-72 10/28/2013   10/28/2013 Book
            Central Library (CL) Central Library (CL) General Stacks 10/28/2013   612.8 KAL 2013 NBSPS-73 10/28/2013   10/28/2013 Book
            Central Library (CL) Central Library (CL) General Stacks 10/28/2013   612.8 KAL 2013 NBSPS-74 10/28/2013   10/28/2013 Book
            Central Library (CL) Central Library (CL) General Stacks 10/28/2013   612.8 KAL 2013 NBSPS-75 10/28/2013   10/28/2013 Book
© 2023 Central Library, National University of Sciences and Technology. All Rights Reserved.